000 00528cam4a220019300 4500
001 tmp15311264
003 UPRA
005 20190830105821.0
008 950728s1967 nr eng u
035 _a(Sirsi) r112796
035 _a(UPRA)tmp15311264
040 _cUPRA
110 2 _bConference d8.1..47.20 c8.1..68.20
_6A74363.1
245 1 0 _aProceedings ...
260 _aLagos,
_c[1967?]
504 _aBibliographical footnotes.
949 _aKG1771.4
_wlcc
_i33729001744221
_mMAIN
_p2500
_tBOOK
_lON-SHELF
004 112796
999 _c187451
_d187451